| 000 | 01182nam0a2200289 4500 | ||
|---|---|---|---|
| 001 | RU\NLR\bibl\1881025 | ||
| 005 | 20250616193734.0 | ||
| 010 |
_a978-5-904336-12-7 _91000 |
||
| 021 |
_aRU _b2012-13825 _91039 |
||
| 035 | _a(NLR Aleph) 001870797 | ||
| 090 |
_a2658546 _c2658546 |
||
| 100 | _a20120316d2010 |||y0rusy50 ca | ||
| 101 | 0 | _arus | |
| 102 | _aRU | ||
| 105 | _aa ||||||||| | ||
| 200 | 1 |
_aСоздание конкурентных преимуществ коммерческого банка на основе клиентоориентированной стратегии _eмонография _fЕ.С. Бахметьева _gМеждунар. изд. центр Этносоциум |
|
| 210 |
_aМосква _cЭтносоциум _d2010 |
||
| 215 |
_a185 с. _cил. _d21 |
||
| 320 | _aБиблиогр. в подстроч. примеч. | ||
| 606 | 1 |
_aКоммерческие банки _xКонкурентоспособность _92578250 _3RU\NLR\auth\661524302 |
|
| 686 | _aУ26(2)210.1-13 | ||
| 700 | 1 |
_aБахметьева _bЕ. С. _4070 |
|
| 801 | 0 |
_aRU _bNLR _c20120316 _gRCR |
|
| 801 | 1 |
_aRU _bNLR _c20120316 |
|
| 942 | _cBOOK | ||
| 980 | _aNB | ||